Top 10 Largest Countries - Statistics

General Stats
  • This quiz has been taken 87 times
  • The average score is 9 of 10
Answer Stats
In Square Kilometers Country % Correct
17 098 242 Russia
100%
9 596 960 China
98%
9 984 670 Canada
97%
9 833 517 United States of America
97%
8 515 770 Brazil
95%
3 287 263 India
92%
7 741 220 Australia
89%
2 780 400 Argentina
72%
2 724 900 Kazakhstan
72%
2 381 741 Algeria
66%
No matching quizzes found
Score Distribution
Percent of People with Each Score
Percentile by Number Answered
Your Score History
You have not taken this quiz